000 00452nam a2200181Ia 4500
001 11301
005 20260306162818.0
008 260306t1993||||xx |||||||||||||| ||spa||
041 _aESP
082 _a985.03
_bG84 T. 2
100 _aGuamán Poma de Ayala, Felipe
_eAUT
245 0 _aNueva corónica y buen gobierno
260 _c1993
300 _axlviii, 334 páginas :
_c23 cm.
650 _aGEN
654 _aCHU
942 _cLIB
_dJUS
_fJUS
_2ddc
_n
999 _c11301
_d11301